| 000 | 00594nam a2200205Ia 4500 | ||
|---|---|---|---|
| 008 | 191130s2009##################000#0#eng## | ||
| 020 | _a9783136712030 | ||
| 040 |
_aACL _cACL |
||
| 082 | _a617.51 BEH | ||
| 100 | _aBehrbohm, Hans | ||
| 245 |
_aEar, nose, and throat diseases: with head and neck surgery _cHans Behrbohm et al |
||
| 250 | _a3rd ed | ||
| 260 |
_aNew York _bThieme _c2009 |
||
| 300 | _ax, 461 p. : ill. (chiefly col.) ; 24 cm | ||
| 500 | _aIncludes index | ||
| 650 | _aOtolaryngology | ||
| 990 | _a0f24b815ac10000c0d65d16a349657af | ||
| 991 | _a140231 | ||
| 999 |
_c154762 _d154762 |
||